Imagination in the Creation of new Spiritual Cults in latin America (Record no. 780268)
[ view plain ]
| 000 -CABECERA | |
|---|---|
| Campo de control de longitud fija | 00660naa a2200145Ia 4500 |
| 003 - IDENTIFICADOR DEL NÚMERO DE CONTROL | |
| Campo de control | ES-SlBCS |
| 005 - FECHA Y HORA DE LA ÚLTIMA TRANSACCIÓN | |
| Campo de control | 20210601152736.0 |
| 008 - CÓDIGOS DE INFORMACIÓN DE LONGITUD FIJA | |
| Campo de control de longitud fija | 140519s2003 xxu||||| |||| 00| 0 eng d |
| 041 ## - CÓDIGO DE LENGUA | |
| Código de lengua del texto/banda sonora o título independiente | eng |
| 100 1# - PUNTO DE ACCESO PRINCIPAL-NOMBRE DE PERSONA | |
| Nombre de persona | Pollak-Eltz, Angelina |
| 9 (RLIN) | 220363 |
| 245 00 - MENCIÓN DE TÍTULO | |
| Título | Imagination in the Creation of new Spiritual Cults in latin America |
| Mención de responsabilidad, etc. | Angelina Pollak-Eltz |
| 650 #4 - PUNTO DE ACCESO ADICIONAL DE MATERIA-TÉRMINO DE MATERIA | |
| Término de materia o nombre geográfico como elemento inicial | Culto de María Lionza |
| 9 (RLIN) | 350603 |
| 773 0# - ENLACE AL DOCUMENTO FUENTE | |
| Título | Moral Imagination and Character Development : Volume III : Imagination in Religion and Social Life / George F. Mclean, John K. White |
| Lugar, editor y fecha de publicación | Washington : The Council for Research in Values and Philosophy, 2003 |
| Parte(s) relacionada(s) | , págs. 79-88 |
| Número Internacional Normalizado para Libros (ISBN) | 1-565118-182-4 |
| Número de control del registro relacionado | VA52892 |
| 942 ## - ENTRADA DE ELEMENTOS AGREGADOS (KOHA) | |
| Koha [por defecto] tipo de item | Artículo de colaboración |
| Suprimido | Perdido | Estropeado | No para préstamo | Localización permanente | Localización actual | Localización en estantería | Fecha adquisición | Préstamos totales | Signatura completa | Fecha última consulta | Fecha del precio de reemplazo | Tipo de item de Koha |
|---|---|---|---|---|---|---|---|---|---|---|---|---|
| San Esteban | San Esteban | Depósito de libros | 11/07/2014 | 34/2 | 11/07/2014 | 11/07/2014 | Artículo de colaboración |
